Poesía completa. (1), (1972-1989) /

Bibliographic Details
Main Author: Giménez-Frontin, J. L., 1943- (Author)
Format: Electronic eBook
Language:Spanish
Published: Barcelona : In-Verso ediciones de poesía, [2016]
Subjects:
Online Access:Digitalia Hispánica

MARC

LEADER 00000nam a2200000Ii 4500
001 DIGULZM0038
003 NyNyDIG
006 m o d
007 cr |||||||||||
008 240108s2016 sp o 000 p spa d
035 |a (OCoLC)1417820923 
040 |a DGITA  |b eng  |e rda  |e pn  |c DGITA 
020 |a 9788494313875  |q eBook 
020 |z 9788494313837 
050 1 4 |a PQ6657.I396 ebook 
100 1 |a Giménez-Frontin, J. L.,  |d 1943-  |e author. 
245 1 0 |a Poesía completa.  |n (1),  |p (1972-1989) /  |c José Luis Giménez-Frontín. 
264 1 |a Barcelona :  |b In-Verso ediciones de poesía,  |c [2016] 
300 |a 1 online resource. 
336 |a text  |b txt  |2 rdacontent 
337 |a computer  |b c  |2 rdamedia 
338 |a online resource  |b cr  |2 rdacarrier 
347 |a text file  |2 rdaft 
347 |b EPUB 
588 0 |a Online resource; title from ePub title page (Digitalia, viewed January 8, 2024) 
655 7 |a Poetry.  |2 lcgft 
791 2 |a Digitalia (Firm),  |e distributor. 
793 0 |g Digitalia eBook Collection:  |a Ulzama 
776 0 8 |i Print version:  |a Giménez-Frontin, J. L., 1943-  |t Poesía completa. (1), (1972-1989).  |d Barcelona : In-Verso ediciones de poesía, [2016]  |z 9788494313837 
856 4 0 |3 Digitalia Hispánica  |u https://www.digitaliapublishing.com/a/88741/ 
910 |a Premium collection: 2024